Ako systematicky zlepšovať procesy v podnikoch?
Skúsenosti zo zlepšovania procesov v európskych a slovenských podnikoch. Odpovede na otázky: 1. Prečo nepriniesli mnohé projekty podnikových zmien očakávané prínosy. 2. Čo je zlepšovanie procesov. 3. Ako systematicky pristupovať k zlepšovaniu procesov. 4. Aké výsledky môže priniesť zlepšovanie proce...
Enregistré dans:
| Auteur principal: | |
|---|---|
| Format: | Chapitre de livre |
| Langue: | slovaque |
| Sujets: | |
| Tags: |
Pas de tags, Soyez le premier à ajouter un tag!
|
MARC
| LEADER | 00000naa a2200000 4500 | ||
|---|---|---|---|
| 001 | r040557 | ||
| 005 | 20231002120901.1 | ||
| 041 | 0 | |a slo | |
| 044 | |a SK | ||
| 245 | 1 | 0 | |a Ako systematicky zlepšovať procesy v podnikoch? |c Ján Košturiak |
| 520 | |a Skúsenosti zo zlepšovania procesov v európskych a slovenských podnikoch. Odpovede na otázky: 1. Prečo nepriniesli mnohé projekty podnikových zmien očakávané prínosy. 2. Čo je zlepšovanie procesov. 3. Ako systematicky pristupovať k zlepšovaniu procesov. 4. Aké výsledky môže priniesť zlepšovanie procesov. Základné prístupy k zlepšovania procesov. Príklad postupu používaného v rámci projektov Fraunhofer IPA Slovakia. | ||
| 610 | 2 | 0 | |a proces výrobný |
| 610 | 2 | 0 | |a procesy podnikové |
| 610 | 2 | 0 | |a zmeny organizačné |
| 610 | 2 | 0 | |a zmeny technologické |
| 610 | 2 | 0 | |a kaizen |
| 610 | 2 | 0 | |a BPR |
| 610 | 2 | 0 | |a analýzy |
| 610 | 2 | 0 | |a projekty |
| 610 | 2 | 0 | |a optimalizácia |
| 100 | 1 | |a Košturiak, Ján | |